000
00228nam a2200085Ia 4500
005
20250424112821.0
008
250424s9999 xx 000 0 und d
650
_a
Microbiology--Periodicals. Biotechnology--Periodicals.
942
_c
SR
999
_c
37301
_d
37301